Translocation and accumulation of calcium in rubber (Hevea brasiliensis) (Record no. 52224)

MARC details
000 -LEADER
fixed length control field 00517nam a2200157Ia 4500
100 ## - MAIN ENTRY--AUTHOR NAME
Personal name Joseph M
245 #0 - TITLE STATEMENT
Title Translocation and accumulation of calcium in rubber (Hevea brasiliensis)
260 ## - PUBLICATION, DISTRIBUTION, ETC. (IMPRINT)
Name of publisher PLACROSYM XIX, 7-10 December 2010, Kottayam. Climate Change. 19th Biennial Symposium on Plantation Crops. Abstracts.pp.128-129.
650 ## - SUBJECT ADDED ENTRY--TOPICAL TERM
Topical Term Accumulation
650 ## - SUBJECT ADDED ENTRY--TOPICAL TERM
Topical Term Calcium
650 ## - SUBJECT ADDED ENTRY--TOPICAL TERM
Topical Term Lime
650 ## - SUBJECT ADDED ENTRY--TOPICAL TERM
Topical Term Translocation
700 ## - ADDED ENTRY--PERSONAL NAME
Personal name Syamala V K
942 ## - ADDED ENTRY ELEMENTS (KOHA)
Koha item type Bibliography STAF
Holdings
Withdrawn status Lost status Damaged status Not for loan Home library Current library Date acquired Koha item type
      Bibliography RRII Library RRII Library 02/02/2011 Bibliography STAF